[Event "Veletrzni turnaj 2019"]
[Site "Brno"]
[Date "2019.08.29"]
[Round "6.4"]
[White "Pavlik, Vladimir"]
[Black "Straka, Vojtech"]
[Result "1/2-1/2"]
[WhiteElo "1898"]
[BlackElo "1997"]
[PlyCount "124"]
[EventDate "2019.08.25"]

1. e4 c6 2. d4 d5 3. exd5 cxd5 4. c4 Nf6 5. Nc3 e6 6. Bg5 Be7 7. c5 O-O 8. Nf3
h6 9. Bh4 Nc6 10. Bb5 Ne4 11. Bxe7 Nxe7 12. Rc1 Nf5 13. O-O Ng5 14. Ne5 Qc7 15.
f4 Nh7 16. Qd3 Ne7 17. Ba4 f5 18. b4 a6 19. Bc2 Nc6 20. Nxc6 bxc6 21. a4 Nf6
22. g3 Ne4 23. Rb1 Bd7 24. Rb2 Rfb8 25. Rfb1 g5 26. fxg5 Nxg5 27. Qe3 e5 28.
Bd1 exd4 29. Qxd4 Rf8 30. b5 axb5 31. axb5 Rad8 32. bxc6 Bxc6 33. Nb5 Qa5 34.
Qb4 Qxb5 35. Qxb5 Bxb5 36. Rxb5 Ne4 37. Rc1 Rc8 38. c6 Rf6 39. Bb3 Kg7 40. Bxd5
Rd6 41. c7 Rd7 42. Bxe4 fxe4 43. Re5 Rdxc7 44. Rxc7+ Rxc7 45. Rxe4 Rc2 46. Rf4
Kg6 47. Rf2 Rc4 48. Kg2 Kg5 49. Rd2 Rc5 50. h4+ Kg6 51. Re2 Rb5 52. Kf3 Rf5+
53. Ke4 Rb5 54. Rd2 Ra5 55. Rd4 Rb5 56. g4 Ra5 57. Rd6+ Kg7 58. Rd5 Ra1 59. Kf5
Rf1+ 60. Ke6 Rf4 61. Rd7+ Kf8 62. g5 Rxh4 1/2-1/2

[Event "Veletrzni turnaj 2019"]
[Site "Brno"]
[Date "2019.08.29"]
[Round "6.5"]
[White "Glozar, Petr"]
[Black "Nemec, David"]
[Result "0-1"]
[WhiteElo "1903"]
[BlackElo "1982"]
[PlyCount "116"]
[EventDate "2019.08.25"]

1. d4 Nf6 2. c4 e6 3. Nc3 Bb4 4. e3 b6 5. Nf3 Bb7 6. Bd3 O-O 7. O-O Bxc3 8.
bxc3 d6 9. Qe2 Nbd7 10. e4 e5 11. Bg5 h6 12. Bh4 Qe7 13. Rae1 Rfe8 14. Nd2 g5
15. Bg3 Nf8 16. f3 Nh5 17. Qe3 Nf4 18. Kh1 N8g6 19. Rg1 Kh8 20. Bf2 Rg8 21. Nf1
Nxd3 22. Qxd3 Nf4 23. Qd2 Ba6 24. Ne3 Qe6 25. Rb1 h5 26. Rb4 Bb7 27. Bg3 Qf6
28. Rbb1 Rg6 29. Rbf1 Rag8 30. Nd5 Bxd5 31. exd5 Qf5 32. dxe5 dxe5 33. Bxf4
gxf4 34. Qe1 Kh7 35. Qe4 Qxe4 36. fxe4 h4 37. Rf3 Rg4 38. Rh3 Kg6 39. Rd1 Rd8
40. Kg1 f5 41. exf5+ Kxf5 42. Kf2 Rdg8 43. Rg1 e4 44. g3 R8g7 45. Rg2 fxg3+ 46.
hxg3 Rxg3 47. Rgh2 Rxh3 48. Rxh3 Rg4 49. a4 a5 50. Rh1 Kf4 51. Rh3 e3+ 52. Kf1
Ke4 53. Ke2 Rg2+ 54. Kf1 Ra2 55. Rxh4+ Kd3 56. d6 Ra1+ 57. Kg2 cxd6 58. Rh3 Kd2
0-1

[Event "Veletrzni turnaj 2019"]
[Site "Brno"]
[Date "2019.08.29"]
[Round "6.6"]
[White "Vavrinkova, Eliska"]
[Black "Krejci, Petr"]
[Result "1-0"]
[WhiteElo "1873"]
[BlackElo "1979"]
[PlyCount "78"]
[EventDate "2019.08.25"]

1. d4 d5 2. Nf3 Nf6 3. c4 dxc4 4. a4 e6 5. e3 Nc6 6. Bxc4 Bd6 7. Nc3 O-O 8. O-O
a6 9. e4 e5 10. d5 Ne7 11. Rb1 Bg4 12. Be2 Ng6 13. Nd2 Bxe2 14. Nxe2 b5 15. Ng3
Qd7 16. Nb3 bxa4 17. Na5 Qb5 18. Bd2 Nf4 19. Bc3 h5 20. h4 g6 21. Nc6 Ng4 22.
Ra1 a3 23. bxa3 f5 24. Rb1 Qc4 25. Qc2 fxe4 26. Nxe4 Qxd5 27. Nb4 Qc4 28. Ng3
Rf7 29. Rbe1 a5 30. Re4 Qe6 31. Nc6 a4 32. Nd4 Qe8 33. Nf3 Rb8 34. Rxa4 Qe6 35.
Ng5 Qd5 36. Rxf4 Rxf4 37. Qxg6+ Kf8 38. Ne6+ Ke7 39. Nxf4 exf4 1-0

[Event "Veletrzni turnaj 2019"]
[Site "Brno"]
[Date "2019.08.29"]
[Round "6.7"]
[White "Snorek, Milan"]
[Black "Wunsch, Radek"]
[Result "0-1"]
[WhiteElo "1949"]
[BlackElo "1833"]
[PlyCount "98"]
[EventDate "2019.08.25"]

1. Nf3 d5 2. d4 Nf6 3. c4 c6 4. Nc3 e6 5. cxd5 exd5 6. Bg5 Be7 7. e3 Bf5 8. Bd3
Bxd3 9. Qxd3 Nbd7 10. O-O h6 11. Bf4 Nh5 12. Be5 O-O 13. h3 f5 14. Bh2 Qe8 15.
Ne5 Nxe5 16. Bxe5 f4 17. exf4 Nxf4 18. Qg3 Qf7 19. Bxf4 Qxf4 20. Qxf4 Rxf4 21.
Rfd1 Bf6 22. Ne2 Re4 23. Kf1 Rae8 24. Rd2 g6 25. Rad1 Kg7 26. Nc3 R4e6 27. Re2
Kf7 28. Rxe6 Rxe6 29. Rd3 Ke7 30. a4 Kd6 31. g3 Re8 32. f4 a6 33. b4 Kd7 34.
Kf2 Be7 35. b5 axb5 36. axb5 Bb4 37. Ne2 Kd6 38. bxc6 Kxc6 39. Rb3 Kb5 40. Rf3
Kc4 41. g4 Bd2 42. f5 gxf5 43. gxf5 b5 44. f6 b4 45. f7 Rf8 46. Rf6 b3 47. Rc6+
Kd3 48. Nc1+ Bxc1 49. Rxc1 Rxf7+ 0-1

[Event "Veletrzni turnaj 2019"]
[Site "Brno"]
[Date "2019.08.29"]
[Round "6.8"]
[White "Pokladnik, Martin"]
[Black "Blazek, Pavel"]
[Result "0-1"]
[WhiteElo "1980"]
[BlackElo "1730"]
[PlyCount "64"]
[EventDate "2019.08.25"]

1. e4 d6 2. d4 Nf6 3. Nc3 e5 4. Nf3 exd4 5. Nxd4 Nc6 6. Bb5 Bd7 7. O-O Be7 8.
Bxc6 bxc6 9. b3 O-O 10. Bb2 d5 11. e5 Ne8 12. Qd3 g6 13. f4 c5 14. Nde2 c6 15.
Ng3 Ng7 16. Na4 Qa5 17. c4 Be6 18. Qc2 Nf5 19. Nxf5 Bxf5 20. Qe2 dxc4 21. Qxc4
Be6 22. Qc2 c4 23. Bc3 cxb3 24. axb3 Qd5 25. b4 Bf5 26. Qf2 Rfd8 27. Nc5 a5 28.
Rfc1 axb4 29. Rxa8 Rxa8 30. Bxb4 Ra2 31. Qf3 Qd4+ 32. Kh1 Qxb4 0-1

[Event "Veletrzni turnaj 2019"]
[Site "Brno"]
[Date "2019.08.29"]
[Round "6.9"]
[White "Zuziak, Petr"]
[Black "Dvoracek, Jan Matyas"]
[Result "1/2-1/2"]
[WhiteElo "1900"]
[BlackElo "1574"]
[PlyCount "103"]
[EventDate "2019.08.25"]

1. d4 Nf6 2. Nf3 b6 3. e3 Bb7 4. Bd3 e6 5. Nbd2 Be7 6. O-O d6 7. c4 Nbd7 8. e4
e5 9. d5 Nc5 10. Bc2 a5 11. Qe2 O-O 12. Nb3 Nfd7 13. Be3 Nxb3 14. axb3 Nb8 15.
Nd2 Na6 16. Rac1 Nb4 17. Bb1 Re8 18. f4 exf4 19. Bxf4 Bf6 20. Nf3 Qe7 21. Rce1
Be5 22. Bd2 Na6 23. Bc3 Bc8 24. Qe3 Bg4 25. Nd4 Qh4 26. g3 Qh5 27. Nf5 Nc5 28.
Bc2 Nd7 29. Rf2 Bxc3 30. Qxc3 Ne5 31. Rf4 g6 32. Rxg4 f6 33. Rf4 gxf5 34. Rxf5
Qh6 35. Kg2 Re7 36. Bd1 Rg7 37. Ref1 Rf8 38. R1f4 Rg5 39. Be2 Ng6 40. Rxg5 fxg5
41. Rxf8+ Qxf8 42. Bg4 Ne5 43. Be6+ Kg7 44. Bf5 Qf6 45. b4 axb4 46. Qc2 h6 47.
Qb3 Kf7 48. Qa4 Kg7 49. b3 Nd3 50. Qd7+ Qf7 51. Qc8 Ne5 52. Qb7 1/2-1/2

[Event "Veletrzni turnaj 2019"]
[Site "Brno"]
[Date "2019.08.29"]
[Round "6.10"]
[White "Nekvasil, Radek"]
[Black "Krupica, Pavel"]
[Result "1/2-1/2"]
[WhiteElo "1708"]
[BlackElo "1856"]
[PlyCount "130"]
[EventDate "2019.08.25"]

1. b4 e5 2. Bb2 f6 3. a3 d5 4. e3 Be6 5. Be2 Bd6 6. d3 Nh6 7. Nf3 O-O 8. Nbd2
Nd7 9. O-O c5 10. bxc5 Nxc5 11. d4 Na4 12. Rb1 e4 13. Ne1 Qc7 14. Ba1 Bxh2+ 15.
Kh1 Nb6 16. g3 Bxg3 17. fxg3 Qxg3 18. Rf4 Qh3+ 19. Kg1 Qxe3+ 20. Rf2 Qxa3 21.
Rb3 Qd6 22. Ng2 Nf5 23. Bg4 Nh6 24. Bxe6+ Qxe6 25. Rg3 Nf5 26. Qg4 g6 27. Qxf5
Qxf5 28. Rxf5 Rac8 29. c3 Kh8 30. Rf1 f5 31. Nf4 Rc6 32. Nb3 Rg8 33. Nc5 g5 34.
Nfe6 f4 35. Rxg5 Rxg5+ 36. Nxg5 Rg6 37. Nce6 h6 38. Rxf4 hxg5 39. Rf8+ Kh7 40.
Rf7+ Kh6 41. Nf8 Rg7 42. Rxg7 Kxg7 43. Ne6+ Kf6 44. Nd8 Kf5 45. Kf2 Nc4 46.
Nxb7 e3+ 47. Ke2 g4 48. Nc5 Kf4 49. Nd3+ Kg3 50. Bb2 Nxb2 51. Nxb2 Kh2 52. Nd1
g3 53. Nxe3 a5 54. Nf1+ Kg2 55. Nxg3 Kxg3 56. c4 a4 57. cxd5 a3 58. d6 a2 59.
d7 a1=Q 60. d8=Q Qb2+ 61. Kd3 Qb3+ 62. Ke4 Qe6+ 63. Kd3 Qb3+ 64. Kd2 Qb2+ 65.
Ke3 Qb3+ 1/2-1/2

[Event "Veletrzni turnaj 2019"]
[Site "Brno"]
[Date "2019.08.29"]
[Round "6.11"]
[White "Vavrinkova, Anna"]
[Black "Rehurek, Karel"]
[Result "0-1"]
[WhiteElo "1652"]
[BlackElo "1743"]
[PlyCount "46"]
[EventDate "2019.08.25"]

1. e4 e5 2. Nf3 Nc6 3. Bb5 Nd4 4. Nxd4 exd4 5. d3 c6 6. Bc4 d6 7. O-O Nf6 8. c3
dxc3 9. Nxc3 Be7 10. Kh1 O-O 11. f4 d5 12. Bb3 dxe4 13. dxe4 Qxd1 14. Bxd1 Be6
15. Be2 Bb4 16. f5 Bd7 17. e5 Bxc3 18. bxc3 Rae8 19. Ba3 Rxe5 20. Bxf8 Rxe2 21.
Ba3 Re5 22. Rad1 h6 23. g4 Re2 0-1

[Event "Veletrzni turnaj 2019"]
[Site "Brno"]
[Date "2019.08.29"]
[Round "6.12"]
[White "Haupt, Jaromir"]
[Black "Kriz, Tomas"]
[Result "1/2-1/2"]
[WhiteElo "1743"]
[BlackElo "1521"]
[PlyCount "79"]
[EventDate "2019.08.25"]

1. c4 f5 2. Nf3 Nf6 3. Nc3 g6 4. b3 Bg7 5. Bb2 O-O 6. e3 d6 7. g3 e5 8. d3 Nc6
9. Bg2 e4 10. dxe4 Nxe4 11. Na4 Bxb2 12. Nxb2 Qf6 13. Nd4 Nb4 14. a3 Nc6 15.
O-O Nxd4 16. exd4 Re8 17. Na4 Bd7 18. f3 Ng5 19. Nc3 c6 20. Ne2 Re7 21. Nf4 Ne6
22. Nxe6 Qxe6 23. Re1 Qf6 24. Rxe7 Qxe7 25. Qd2 Re8 26. Kf2 Kg7 27. f4 b6 28.
Re1 Qxe1+ 29. Qxe1 Rxe1 30. Kxe1 c5 31. Kd2 Kf6 32. Bd5 h6 33. dxc5 dxc5 34.
Ke3 g5 35. h4 Be8 36. Kf3 a5 37. hxg5+ hxg5 38. Ke3 gxf4+ 39. gxf4 Bh5 40. Bf3
1/2-1/2

[Event "Veletrzni turnaj 2019"]
[Site "Brno"]
[Date "2019.08.29"]
[Round "6.13"]
[White "Keprt, Tomas"]
[Black "Stehlik, Jiri"]
[Result "0-1"]
[WhiteElo "1438"]
[BlackElo "1886"]
[PlyCount "56"]
[EventDate "2019.08.25"]

1. e4 c5 2. Nf3 Nc6 3. d4 cxd4 4. Nxd4 g6 5. Nc3 Bg7 6. Be3 Nf6 7. Bc4 Qa5 8.
O-O O-O 9. Bb3 d6 10. f3 Bd7 11. Qd2 Qd8 12. Rad1 Na5 13. Bh6 Nxb3 14. axb3 b5
15. Bxg7 Kxg7 16. Kh1 Qb6 17. Rfe1 Rfe8 18. e5 dxe5 19. Rxe5 b4 20. Na4 Bxa4
21. bxa4 Rad8 22. Rb5 Qc7 23. Qe2 e5 24. Nb3 Qc4 25. Rd3 e4 26. fxe4 Rxe4 27.
Qf1 Rxd3 28. cxd3 Qxd3 0-1

[Event "Veletrzni turnaj 2019"]
[Site "Brno"]
[Date "2019.08.29"]
[Round "6.14"]
[White "Tajovsky, Matej"]
[Black "Lisik, Miroslav"]
[Result "1-0"]
[WhiteElo "1819"]
[BlackElo "1654"]
[PlyCount "51"]
[EventDate "2019.08.25"]

1. e4 c5 2. Nf3 g6 3. d4 cxd4 4. Nxd4 Nc6 5. Nc3 Bg7 6. Be3 Nf6 7. Bc4 Qa5 8.
O-O O-O 9. Bb3 d6 10. f3 Qc5 11. Nf5 Qa5 12. Nxg7 Kxg7 13. Qd2 Qh5 14. Ne2 Kg8
15. Ng3 Qa5 16. c3 b5 17. f4 Ba6 18. f5 Ne5 19. Bh6 Qb6+ 20. Kh1 Rfe8 21. fxg6
hxg6 22. Qg5 Qd8 23. Nh5 Nc4 24. Rxf6 exf6 25. Nxf6+ Kh8 26. Qh4 1-0

[Event "Veletrzni turnaj 2019"]
[Site "Brno"]
[Date "2019.08.29"]
[Round "6.16"]
[White "Zaza, Martin"]
[Black "Nisztuk, Michal"]
[Result "0-1"]
[WhiteElo "1234"]
[BlackElo "1630"]
[PlyCount "78"]
[EventDate "2019.08.25"]

1. b3 c5 2. Bb2 Nc6 3. Nf3 d5 4. e3 f6 5. d4 cxd4 6. Nxd4 e5 7. Nxc6 bxc6 8. c4
Bb4+ 9. Nd2 Ne7 10. a3 Ba5 11. b4 Rb8 12. Qc2 Bc7 13. cxd5 cxd5 14. Qa4+ Bd7
15. Qxa7 Bb6 16. Qa6 e4 17. Bb5 O-O 18. Bxd7 Qxd7 19. O-O Qg4 20. h3 Qh5 21.
Rfe1 Qg6 22. a4 Nf5 23. Qe2 h5 24. a5 Bc7 25. Ba3 Be5 26. Rac1 Nh4 27. f4 Bd6
28. Qf2 Nf5 29. Rc6 Bxb4 30. Bxb4 Rxb4 31. Ra1 d4 32. Nxe4 dxe3 33. Qa2+ Kh7
34. Ng5+ Kh6 35. Ne6 Rfb8 36. a6 Rb2 37. Qd5 Rb1+ 38. Rxb1 Rxb1+ 39. Kh2 Qg3#
0-1

[Event "Veletrzni turnaj 2019"]
[Site "Brno"]
[Date "2019.08.29"]
[Round "6.17"]
[White "Petlan, Ivan"]
[Black "Brychta, Jan"]
[Result "1-0"]
[WhiteElo "1951"]
[BlackElo "1457"]
[PlyCount "77"]
[EventDate "2019.08.25"]

1. d4 e6 2. Bf4 b6 3. e4 d5 4. Bd3 c5 5. c3 Nc6 6. Nf3 Nf6 7. Nbd2 Be7 8. Ne5
Nxe5 9. dxe5 Nd7 10. exd5 exd5 11. e6 fxe6 12. Qh5+ Kf8 13. O-O Nf6 14. Qf3 Kf7
15. Be5 h6 16. Rfe1 Re8 17. Qg3 Kg8 18. Qg6 Rf8 19. Re3 Qe8 20. Qg3 d4 21. cxd4
cxd4 22. Rf3 Bb7 23. Ne4 Bxe4 24. Bxe4 Rd8 25. Rc1 Bd6 26. Rxf6 Bxe5 27. Rxf8+
Qxf8 28. Qxe5 Qf6 29. Qxf6 gxf6 30. f4 d3 31. Kf2 f5 32. Bf3 Kf7 33. Ke3 Kf6
34. Rd1 e5 35. fxe5+ Kxe5 36. Rxd3 f4+ 37. Kd2 Rg8 38. Rd7 a5 39. Kd3 1-0

[Event "Veletrzni turnaj 2019"]
[Site "Brno"]
[Date "2019.08.29"]
[Round "6.18"]
[White "Licka, Vlastimil"]
[Black "Ulcak, Michael"]
[Result "1-0"]
[WhiteElo "1872"]
[BlackElo "1443"]
[PlyCount "53"]
[EventDate "2019.08.25"]

1. d4 d5 2. Nf3 Nf6 3. c4 c6 4. cxd5 cxd5 5. Nc3 Nc6 6. Bg5 e6 7. e3 Be7 8. Rc1
Bd7 9. Bd3 h6 10. Bf4 Rc8 11. O-O O-O 12. h3 Qb6 13. Qe2 Na5 14. Ne5 a6 15. Rc2
Rfd8 16. Rfc1 Be8 17. Nxd5 Nxd5 18. Rxc8 Nxf4 19. exf4 Qxd4 20. Rxd8 Qxd8 21.
Qc2 f6 22. Bh7+ Kf8 23. Ng6+ Kf7 24. Qc7 Bc6 25. Qxd8 Bxd8 26. b4 Be4 27. Ne5+
1-0

[Event "Veletrzni turnaj 2019"]
[Site "Brno"]
[Date "2019.08.29"]
[Round "6.20"]
[White "Bauer, Miroslav"]
[Black "Hrdlicka, Vladan"]
[Result "1-0"]
[WhiteElo "1611"]
[BlackElo "1774"]
[PlyCount "71"]
[EventDate "2019.08.25"]

1. e4 c5 2. c3 Nf6 3. e5 Nd5 4. d4 cxd4 5. cxd4 e6 6. Nf3 Nc6 7. Bd3 Bb4+ 8.
Bd2 Qa5 9. O-O Bxd2 10. Nbxd2 Qb6 11. Nc4 Qd8 12. Nd6+ Kf8 13. Be4 b6 14. Bxd5
exd5 15. Qb3 Qe7 16. Qxd5 h6 17. b4 Rb8 18. b5 Nd8 19. Rac1 Bb7 20. Nxb7 Nxb7
21. Rc7 Qe6 22. Qxd7 Qxd7 23. Rxd7 g6 24. Rc1 Kg7 25. h3 Rhd8 26. Rcc7 Rxd7 27.
Rxd7 Kf8 28. d5 Ke8 29. Rc7 Kf8 30. d6 Ke8 31. Nd4 Na5 32. Nc6 Nxc6 33. bxc6
Rd8 34. Re7+ Kf8 35. c7 Ra8 36. d7 1-0

[Event "Veletrzni turnaj 2019"]
[Site "Brno"]
[Date "2019.08.29"]
[Round "6.21"]
[White "Krystl, Jaromir"]
[Black "Zikan, Karel"]
[Result "0-1"]
[WhiteElo "1548"]
[BlackElo "1717"]
[PlyCount "82"]
[EventDate "2019.08.25"]

1. e4 c6 2. Nc3 d5 3. Qf3 dxe4 4. Nxe4 Nd7 5. b3 Ngf6 6. Nxf6+ Nxf6 7. Bb2 Bg4
8. Qf4 Bh5 9. Bd3 e6 10. Nf3 Bd6 11. Be5 Bxe5 12. Nxe5 O-O 13. g4 Bg6 14. Bxg6
hxg6 15. c4 Nd7 16. Nxd7 Qxd7 17. h4 Rad8 18. h5 gxh5 19. Rxh5 Qd4 20. Qxd4
Rxd4 21. f3 Rfd8 22. Rd1 g6 23. Re5 Kg7 24. Ke2 Kf6 25. Ra5 a6 26. g5+ Ke7 27.
d3 Rh4 28. Ke3 Kd7 29. d4 Kc7 30. Rd2 Rh1 31. Kf4 Rh4+ 32. Ke3 Rdh8 33. Re5 Rh2
34. Rxh2 Rxh2 35. f4 Rxa2 36. d5 cxd5 37. cxd5 Kd6 38. dxe6 fxe6 39. Re4 Ra3
40. Rd4+ Ke7 41. Rd3 a5 0-1

[Event "Veletrzni turnaj 2019"]
[Site "Brno"]
[Date "2019.08.29"]
[Round "6.22"]
[White "Kacalek, Tomas"]
[Black "Habinova, Alice"]
[Result "1/2-1/2"]
[WhiteElo "1683"]
[BlackElo "1356"]
[PlyCount "70"]
[EventDate "2019.08.25"]

1. e4 e5 2. Nf3 Nc6 3. Bc4 Nf6 4. d4 exd4 5. O-O Bc5 6. e5 d5 7. Bb5 Ne4 8.
Bxc6+ bxc6 9. Nxd4 Bd7 10. c3 O-O 11. Nd2 Nxd2 12. Bxd2 Qh4 13. Be3 Be7 14. Qc2
Qh5 15. f4 c5 16. Ne2 Bf5 17. Qd2 Qg6 18. Ng3 Bd3 19. f5 Qa6 20. Rf3 c4 21. Nh5
f6 22. Rg3 g6 23. Bh6 Rfd8 24. exf6 Bxf6 25. Nxf6+ Qxf6 26. Bg5 Qb6+ 27. Kh1
Rd7 28. fxg6 hxg6 29. Re1 Rf8 30. Be3 Qa6 31. Bd4 Rdf7 32. h4 Qd6 33. Be5 Rf1+
34. Kh2 Qe7 35. Rxf1 Rxf1 1/2-1/2

[Event "Veletrzni turnaj 2019"]
[Site "Brno"]
[Date "2019.08.29"]
[Round "6.23"]
[White "Neduchal, Jiri"]
[Black "Zezula, Jakub"]
[Result "1-0"]
[WhiteElo "1790"]
[BlackElo "1213"]
[PlyCount "79"]
[EventDate "2019.08.25"]

1. d4 d5 2. Nf3 Nf6 3. e3 e6 4. Bd3 Bd6 5. O-O O-O 6. Nbd2 Nbd7 7. Qe2 Re8 8.
e4 dxe4 9. Nxe4 e5 10. Bg5 b6 11. Bb5 exd4 12. Bxf6 gxf6 13. Qd3 Be5 14. Rfe1
Bb7 15. Nxe5 fxe5 16. Bxd7 Bxe4 17. Qg3+ Bg6 18. Bxe8 Qxe8 19. h4 Kh8 20. Qxe5+
Qxe5 21. Rxe5 Bxc2 22. Rae1 d3 23. Re8+ Rxe8 24. Rxe8+ Kg7 25. Rd8 Kh6 26. Kf1
Kh5 27. g3 Kg4 28. Ke1 Kf3 29. Rd7 f6 30. Rxc7 a6 31. Rc6 f5 32. Rxb6 a5 33. b4
axb4 34. Rxb4 Kg2 35. Rf4 h5 36. a4 d2+ 37. Kxd2 Be4 38. Rxe4 fxe4 39. Ke3 Kf1
40. a5 1-0

[Event "Veletrzni turnaj 2019"]
[Site "Brno"]
[Date "2019.08.29"]
[Round "6.24"]
[White "Mares, Jaroslav"]
[Black "Zezula, Matej"]
[Result "1-0"]
[WhiteElo "1990"]
[BlackElo "1026"]
[PlyCount "63"]
[EventDate "2019.08.25"]

1. c4 e5 2. Nc3 Nf6 3. g3 d5 4. cxd5 Nxd5 5. Bg2 Be6 6. Nf3 Nc6 7. O-O Bc5 8.
a3 a5 9. Rb1 O-O 10. d3 Nxc3 11. bxc3 Rb8 12. Rb5 Qd6 13. a4 Rfd8 14. Nd2 Bg4
15. Ne4 Bxf2+ 16. Nxf2 Bh5 17. Ne4 Qe7 18. Be3 b6 19. Bg5 f6 20. Bxf6 gxf6 21.
Nxf6+ Kh8 22. Nxh5 Na7 23. Rd5 Rxd5 24. Bxd5 Qg5 25. Bf3 Rd8 26. Qc1 Qe7 27.
Qe3 Re8 28. Be4 Qe6 29. Qg5 Rg8 30. Qf6+ Qxf6 31. Nxf6 Rf8 32. Nxh7 1-0

[Event "Veletrzni turnaj 2019"]
[Site "Brno"]
[Date "2019.08.30"]
[Round "7.2"]
[White "Jires, Jiri"]
[Black "Vavrinkova, Eliska"]
[Result "1-0"]
[WhiteElo "2073"]
[BlackElo "1873"]
[PlyCount "57"]
[EventDate "2019.08.25"]

1. e4 c6 2. d4 d5 3. exd5 cxd5 4. c4 Nf6 5. Nc3 Nc6 6. Nf3 e6 7. cxd5 Nxd5 8.
Bd3 Be7 9. O-O Bf6 10. Bb1 Nxc3 11. bxc3 b5 12. Ba3 Bb7 13. Be4 Rb8 14. Qd3 a6
15. d5 exd5 16. Bf5 Ne7 17. Rfe1 g6 18. Rxe7+ Bxe7 19. Re1 gxf5 20. Qxf5 Bc8
21. Qf6 Be6 22. Bxe7 Qxe7 23. Qxh8+ Qf8 24. Qxh7 Rc8 25. Nd4 Rxc3 26. Nxe6 fxe6
27. Rxe6+ Kd8 28. g3 Ra3 29. Rg6 1-0

[Event "Veletrzni turnaj 2019"]
[Site "Brno"]
[Date "2019.08.30"]
[Round "7.3"]
[White "Nemec, David"]
[Black "Wunsch, Radek"]
[Result "1-0"]
[WhiteElo "1982"]
[BlackElo "1833"]
[PlyCount "69"]
[EventDate "2019.08.25"]

1. c4 e5 2. Nc3 Bb4 3. g3 Bxc3 4. bxc3 d6 5. Bg2 Nc6 6. d4 Nge7 7. e3 O-O 8.
Ne2 Bd7 9. O-O Qc8 10. Re1 Bh3 11. Bh1 Rb8 12. Ba3 b6 13. c5 bxc5 14. dxc5 d5
15. Qa4 Bd7 16. Qc2 Qa6 17. Bb4 Nxb4 18. cxb4 Rxb4 19. Qc3 Rfb8 20. Qxe5 Be6
21. Qxc7 Nf5 22. Nf4 Rc8 23. Qe5 Rxc5 24. Nxd5 Rbb5 25. e4 Nd6 26. Qd4 h6 27.
Nf4 Bg4 28. h3 Bc8 29. Red1 Nc4 30. Rac1 Qc6 31. Nd3 Bxh3 32. Nxc5 Rxc5 33. e5
Qb5 34. Bd5 Nxe5 35. Rxc5 1-0

[Event "Veletrzni turnaj 2019"]
[Site "Brno"]
[Date "2019.08.30"]
[Round "7.4"]
[White "Straka, Vojtech"]
[Black "Dirgas, Josef"]
[Result "1/2-1/2"]
[WhiteElo "1997"]
[BlackElo "2114"]
[PlyCount "67"]
[EventDate "2019.08.25"]

1. c4 e5 2. Nc3 Nc6 3. g3 g6 4. Bg2 Bg7 5. Nf3 f5 6. d3 Nf6 7. Bg5 h6 8. Bxf6
Bxf6 9. Nd5 O-O 10. Nh4 Kh7 11. Nxf6+ Qxf6 12. O-O d6 13. e3 Bd7 14. b4 Nxb4
15. Rb1 Nc6 16. Rxb7 Qd8 17. Qa4 e4 18. dxe4 Qc8 19. Rb2 Ne5 20. Qc2 Rb8 21.
Rxb8 Qxb8 22. exf5 Bxf5 23. Nxf5 Rxf5 24. Rb1 Qd8 25. f4 Nd7 26. Bh3 Rc5 27.
Rb5 a6 28. Rxc5 Nxc5 29. f5 gxf5 30. Qxf5+ Kg7 31. Qd5 Qf6 32. Qd4 Kf7 33. Qd5+
Kg7 34. Qd4 1/2-1/2

[Event "Veletrzni turnaj 2019"]
[Site "Brno"]
[Date "2019.08.30"]
[Round "7.5"]
[White "Rehurek, Karel"]
[Black "Sipek, Michal"]
[Result "0-1"]
[WhiteElo "1743"]
[BlackElo "2010"]
[PlyCount "28"]
[EventDate "2019.08.25"]

1. e4 d6 2. d4 g6 3. f4 Bg7 4. Nf3 Nf6 5. Nc3 c5 6. dxc5 Qa5 7. Bb5+ Bd7 8.
Bxd7+ Nbxd7 9. O-O Qxc5+ 10. Kh1 Ng4 11. Qe2 Bxc3 12. bxc3 Ndf6 13. h3 Nxe4 14.
Nd4 Ng3+ 0-1

[Event "Veletrzni turnaj 2019"]
[Site "Brno"]
[Date "2019.08.30"]
[Round "7.6"]
[White "Blazek, Pavel"]
[Black "Marsa, Alexandr"]
[Result "1/2-1/2"]
[WhiteElo "1730"]
[BlackElo "1853"]
[PlyCount "64"]
[EventDate "2019.08.25"]

1. Nf3 d5 2. g3 Nf6 3. Bg2 Bf5 4. O-O e6 5. d3 h6 6. Nbd2 Bc5 7. c4 c6 8. cxd5
cxd5 9. Qa4+ Qd7 10. Qc2 Qc7 11. Qa4+ Nc6 12. Nb3 Bb6 13. Nbd4 Bh7 14. Nb5 Qd7
15. Bf4 O-O 16. Rac1 a6 17. Nc3 d4 18. Nb1 Nd5 19. Bd2 Rfd8 20. Na3 Ba7 21. Qc2
Rac8 22. Qb3 b5 23. Nc2 e5 24. Nb4 Ndxb4 25. Bxb4 e4 26. dxe4 Bxe4 27. Ne5 Nxe5
28. Bxe4 Nc4 29. Rc2 a5 30. Bd2 f5 31. Bg2 a4 32. Qf3 Nxd2 1/2-1/2

[Event "Veletrzni turnaj 2019"]
[Site "Brno"]
[Date "2019.08.30"]
[Round "7.7"]
[White "Krejci, Petr"]
[Black "Pavlik, Vladimir"]
[Result "1/2-1/2"]
[WhiteElo "1979"]
[BlackElo "1898"]
[PlyCount "80"]
[EventDate "2019.08.25"]

1. Nf3 Nf6 2. g3 d5 3. Bg2 e6 4. O-O Bd6 5. d4 O-O 6. b3 c5 7. dxc5 Bxc5 8. Ba3
Qe7 9. Bb2 Rd8 10. a4 Nc6 11. Ne5 Ne4 12. Nd3 Bd6 13. Na3 a6 14. c4 f5 15. cxd5
exd5 16. e3 Be6 17. Nc2 Rac8 18. Rc1 Qf7 19. Nd4 Nxd4 20. Bxd4 Rxc1 21. Nxc1
Bd7 22. Nd3 Re8 23. f3 Nf6 24. Qa1 Qe6 25. Re1 Bc6 26. Kf2 Rf8 27. Qc3 g5 28.
Kg1 g4 29. Nf4 Qe7 30. Bxf6 Rxf6 31. fxg4 Bb4 32. Bxd5+ Kf8 33. Ne6+ Ke8 34.
Bxc6+ bxc6 35. Qxc6+ Kf7 36. Ng5+ Kg6 37. gxf5+ Kxg5 38. Qf3 Rxf5 39. h4+ Kg6
40. Qg4+ Kf6 1/2-1/2

[Event "Veletrzni turnaj 2019"]
[Site "Brno"]
[Date "2019.08.30"]
[Round "7.8"]
[White "Kriz, Tomas"]
[Black "Snorek, Milan"]
[Result "1/2-1/2"]
[WhiteElo "1521"]
[BlackElo "1949"]
[PlyCount "107"]
[EventDate "2019.08.25"]

1. e4 c5 2. c3 Nf6 3. e5 Nd5 4. d4 e6 5. Nf3 cxd4 6. cxd4 Bb4+ 7. Bd2 Bxd2+ 8.
Qxd2 d6 9. Nc3 Nxc3 10. bxc3 dxe5 11. Nxe5 O-O 12. Bd3 Nd7 13. Nf3 Nf6 14. O-O
b6 15. Rfd1 Bb7 16. Ne5 Qd5 17. f4 g6 18. Rac1 Rac8 19. Qf2 Rfd8 20. Bb1 b5 21.
a3 Kg7 22. Ba2 Qd6 23. Qb2 Bd5 24. Bxd5 Nxd5 25. Rf1 f6 26. Nf3 Qc6 27. Qa2 Qc4
28. Qxc4 Rxc4 29. Rb1 Nxc3 30. Rb3 a6 31. Re1 Kf7 32. g4 Nd5 33. g5 Rc3 34.
Rxc3 Nxc3 35. gxf6 Kxf6 36. Ng5 Rxd4 37. Rxe6+ Kf5 38. Rxa6 Rxf4 39. Nxh7 Ra4
40. Rf6+ Ke5 41. Rxg6 Rxa3 42. Rb6 Rb3 43. Ng5 Nd5 44. Nf7+ Kf4 45. Rb8 Rb2 46.
Nd6 Rb1+ 47. Kf2 b4 48. Ke2 Ke5 49. Nc4+ Kd4 50. Rc8 Rh1 51. Nd2 Rxh2+ 52. Kd1
Kd3 53. Nf3 Nc3+ 54. Rxc3+ 1/2-1/2

[Event "Veletrzni turnaj 2019"]
[Site "Brno"]
[Date "2019.08.30"]
[Round "7.9"]
[White "Dvoracek, Jan Matyas"]
[Black "Glozar, Petr"]
[Result "0-1"]
[WhiteElo "1574"]
[BlackElo "1903"]
[PlyCount "112"]
[EventDate "2019.08.25"]

1. Nf3 Nf6 2. g3 d5 3. Bg2 b6 4. b3 Bb7 5. Bb2 e6 6. O-O Be7 7. c4 O-O 8. d4
Nbd7 9. Nc3 c5 10. e3 a6 11. Qe2 Qc7 12. Rac1 dxc4 13. bxc4 Rac8 14. Nd2 Bxg2
15. Kxg2 Qb7+ 16. f3 Rfd8 17. Nce4 Nxe4 18. Nxe4 Nf6 19. Nxf6+ Bxf6 20. Rfd1
cxd4 21. exd4 h6 22. Qe4 Qd7 23. Qe3 Bg5 24. f4 Bf6 25. Kf2 b5 26. c5 Qd5 27.
Qb3 Qh5 28. Kg2 Qe2+ 29. Kg1 h5 30. Re1 Qxb2 31. Qxb2 Bxd4+ 32. Qf2 Bxf2+ 33.
Kxf2 Rd2+ 34. Re2 Rxe2+ 35. Kxe2 Kf8 36. Rc3 Ke7 37. Kd3 Kd7 38. Ra3 Ra8 39.
Ra5 Kc6 40. a4 bxa4 41. Kc4 Ra7 42. Rxa4 a5 43. Ra1 a4 44. Ra3 Ra8 45. Kb4 g6
46. Kc4 Ra7 47. h4 Ra8 48. Kb4 Kd5 49. Rd3+ Kc6 50. Ra3 f6 51. Kc4 e5 52. fxe5
fxe5 53. Kb4 Rd8 54. Re3 Rd4+ 55. Ka3 e4 56. Rc3 Rd3 0-1

[Event "Veletrzni turnaj 2019"]
[Site "Brno"]
[Date "2019.08.30"]
[Round "7.10"]
[White "Zuziak, Petr"]
[Black "Tajovsky, Matej"]
[Result "0-1"]
[WhiteElo "1900"]
[BlackElo "1819"]
[PlyCount "66"]
[EventDate "2019.08.25"]

1. Nf3 d5 2. g3 Nf6 3. Bg2 b6 4. O-O Bb7 5. d3 Nbd7 6. Nbd2 g6 7. Qe1 Nc5 8. d4
Nce4 9. Ne5 c5 10. f3 Nd6 11. e3 Bg7 12. b3 O-O 13. Bb2 Rc8 14. Rc1 Nd7 15. f4
f6 16. Nd3 Re8 17. Bh3 c4 18. Be6+ Kh8 19. Nb4 c3 20. Bxc3 Rxc3 21. Nc4 Rxc4
22. bxc4 dxc4 23. f5 gxf5 24. d5 Nc5 25. Bxf5 Nxf5 26. Rxf5 e6 27. dxe6 Rxe6
28. c3 Bh6 29. Nc2 Qd3 30. Rxc5 bxc5 31. Rd1 Qxc2 32. Rd8+ Bf8 33. Rxf8+ Kg7
0-1